000 00540nam a2200181Ia 4500
008 240729s9999 xx 000 0 und d
022 _a2634-4068
245 0 _aOxford Open Climate Change
260 _aUnited Kingdom
260 _bOxford University Press
650 _a Human ecology. Anthropogeography
650 _a Meteorology. Climatology | Geography. Anthropology. Recreation
650 _a Physics
650 _aScience
856 _uhttps://doaj.org/toc/ac217d9fb6454ecb83582500beb50fc5
942 _2ddc
942 _cDOAJEJ
999 _c73719
_d73719
945 _a1
_bMadushi Gamage
_c1
_dMadushi Gamage